<?xml version="1.0" encoding="UTF-8"?><?xml-stylesheet type="text/xsl" href="static/style.xsl"?><OAI-PMH xmlns="http://www.openarchives.org/OAI/2.0/" xmlns:xsi="http://www.w3.org/2001/XMLSchema-instance" xsi:schemaLocation="http://www.openarchives.org/OAI/2.0/ http://www.openarchives.org/OAI/2.0/OAI-PMH.xsd"><responseDate>2026-04-13T16:48:46Z</responseDate><request verb="GetRecord" identifier="oai:www.recercat.cat:20.500.14342/2173" metadataPrefix="marc">https://recercat.cat/oai/request</request><GetRecord><record><header><identifier>oai:recercat.cat:20.500.14342/2173</identifier><datestamp>2026-03-03T03:17:20Z</datestamp><setSpec>com_2072_482405</setSpec><setSpec>com_2072_183628</setSpec><setSpec>col_2072_482411</setSpec></header><metadata><record xmlns="http://www.loc.gov/MARC21/slim" xmlns:dcterms="http://purl.org/dc/terms/" xmlns:xsi="http://www.w3.org/2001/XMLSchema-instance" xmlns:doc="http://www.lyncode.com/xoai" xsi:schemaLocation="http://www.loc.gov/MARC21/slim http://www.loc.gov/standards/marcxml/schema/MARC21slim.xsd">
   <leader>00925njm 22002777a 4500</leader>
   <datafield ind2=" " ind1=" " tag="042">
      <subfield code="a">dc</subfield>
   </datafield>
   <datafield ind2=" " ind1=" " tag="720">
      <subfield code="a">Ballús Barnils, Elisabeth</subfield>
      <subfield code="e">author</subfield>
   </datafield>
   <datafield ind2=" " ind1=" " tag="720">
      <subfield code="a">Casas, Mar</subfield>
      <subfield code="e">author</subfield>
   </datafield>
   <datafield ind2=" " ind1=" " tag="720">
      <subfield code="a">Virgili Tejedor, Carles</subfield>
      <subfield code="e">author</subfield>
   </datafield>
   <datafield ind2=" " ind1=" " tag="720">
      <subfield code="a">Pérez-Testor, Carles</subfield>
      <subfield code="e">author</subfield>
   </datafield>
   <datafield ind2=" " ind1=" " tag="260">
      <subfield code="c">2015-11</subfield>
   </datafield>
   <datafield ind2=" " ind1=" " tag="520">
      <subfield code="a">Investigaciones recientes relacionan la superación de las relaciones triangulares con el apego seguro. El objetivo de este estudio es presentar el diseño y validación de un Registro de Evaluación de las Relaciones Triangulares (RERT) a través del test proyectivo Pata Negra o Patte Noire (P.N.) de Corman, a partir de una muestra de 100 participantes con edades comprendidas entre 5 y 18 años. Para verificar la validez de contenido, las respuestas fueron clasificadas en base a 28 ítems, agrupados en cuatro categorías de repuesta y sometidas a un acuerdo interjueces. Los porcentajes de acuerdo interjueces alcanzaron una validez tolerable (60-80) para una de las categorías y una validez satisfactoria (80-100) para el resto de categorías aceptadas. Los valores del coeficiente del alfa de Cronbach fueron, en general, entre .56 y .74. Los resultados muestran que el RERT posee propiedades psicométricas adecuadas que lo convierten en una herramienta apropiada para evaluar las relaciones triangulares de un modo cuantitativo y complementario al análisis cualitativo del test Pata Negra, lo que añade objetividad y fiabilidad al test.</subfield>
   </datafield>
   <datafield ind1="8" ind2=" " tag="024">
      <subfield code="a">http://hdl.handle.net/20.500.14342/2173</subfield>
   </datafield>
   <datafield tag="653" ind2=" " ind1=" ">
      <subfield code="a">Test Pata Negra</subfield>
   </datafield>
   <datafield tag="653" ind2=" " ind1=" ">
      <subfield code="a">Relacions humanes</subfield>
   </datafield>
   <datafield tag="653" ind2=" " ind1=" ">
      <subfield code="a">Afectivitat</subfield>
   </datafield>
   <datafield tag="653" ind2=" " ind1=" ">
      <subfield code="a">Aferrament (Psicologia)</subfield>
   </datafield>
   <datafield ind2="0" ind1="0" tag="245">
      <subfield code="a">Evaluación de las relaciones triangulares : desarrollo y validación de un instrumento a partir del test proyectivo Pata Negra</subfield>
   </datafield>
</record></metadata></record></GetRecord></OAI-PMH>